Statistiken für Kürzester Landesname A-Z

Klicken Sie hier um das Quiz zu spielen!

Allgemein

  • Dieses Quiz wurde 31.139 mal gespielt
    (20.810 seit der letzten Aktualisierung)
  • Das Durchschnittsergebnis liegt bei 16 aus 22

Antwortstatistiken

BuchstabeLängeLand% Korrekt
C5Chile/China
87%
J5Japan/Jemen
86%
E7Ecuador/Eritrea/Estland
84%
O4Oman
83%
N5Nauru/Nepal/Niger
82%
Z6Zypern
82%
U6Uganda/Ungarn
76%
L4Laos
75%
D8Dänemark/Dominica
74%
G5Ghana/Gabun
74%
P4Peru
74%
M4Mali
73%
H5Haiti
72%
I4Iran/Irak
70%
V7Vanuatu/Vietnam
68%
T4Togo
67%
F7Fidschi
64%
R6Ruanda
62%
B5Benin
56%
S5Samoa/Sudan
56%
A6Angola
51%
K4Kuba
50%

Verteilung der Resultate

Perzentil nach korrekt beantworteten Fragen

Anzahl Personen mit jedem Resultat

Ihre Resultats-Entwicklung

Sie haben dieses Quiz seit der letzten Aktualisierung nicht gespielt